000 00328nam a22001457a 4500
008 210308b ||||| |||| 00| 0 eng d
020 _a0030202930
041 _aeng
080 _27th
_a541
082 _a541
100 _a12
101 _aKIM
245 _aAnalytical Chemistry an Introduction
_cSkoog, D.A
942 _2udc
_cBK
999 _c55982
_d55982